| 000 | 01004nam a2200253 a 4500 | ||
|---|---|---|---|
| 003 | 0 | ||
| 005 | 20250205154107.0 | ||
| 008 | 130829s19uu xx 00 eng d | ||
| 050 |
_aPGS QR 97.5 _b.P213 2013 |
||
| 100 | _aPapa, Christian Joseph R. | ||
| 245 |
_aThe use of Aspergillus niger as a potential agent for removing oil in lake water / _cChristian Joseph R. Papa. |
||
| 260 |
_aLas Piñas City, Philippines : _bSouthville International School and Colleges, _c2013. |
||
| 300 |
_a67 p. : _bill. ; _c28 cm. |
||
| 504 | _aIncludes bibliographical references. | ||
| 650 |
_aOil pollution of water _vBioremediation. |
||
| 650 |
_aWater _vPurification—Biological treatment. |
||
| 650 |
_aBiodegradation _vPetroleum pollutants. |
||
| 650 |
_aAspergillus niger _vEnvironmental aspects. |
||
| 650 |
_aMicrobial degradation _vOil spills. |
||
| 650 |
_aLakes _vPollution—Remediation. |
||
| 650 |
_aEnvironmental microbiology _vBioremediation. |
||
| 650 |
_aOil spills _vCleanup. |
||
| 942 |
_2lcc _cPASS |
||
| 999 |
_c99017 _d99017 |
||